| 000 | 01349nam a2200361 a 4500 | ||
|---|---|---|---|
| 001 | ELB90036 | ||
| 003 | FlNmELB | ||
| 006 | m o d | | ||
| 007 | cr cn||||||||| | ||
| 008 | 130612s2008 cu s 000 0 spa d | ||
| 020 | _z9789591607782 | ||
| 035 | _a(MiAaPQ)EBC3176307 | ||
| 035 | _a(Au-PeEL)EBL3176307 | ||
| 035 | _a(CaPaEBR)ebr10246516 | ||
| 035 | _a(OCoLC)928750586 | ||
| 040 |
_aFlNmELB _bspa _cFlNmELB |
||
| 050 | 4 |
_aB1029.C34 _bP438 2008eb |
|
| 080 | _a378 | ||
| 100 | 1 | _aPérez Rodríguez, Raquel. | |
| 245 | 1 | 0 |
_aEstudio de la obra educativa de José Agustín Caballero como iniciador de la pedagogía cubana _h[recurso electronico] _cRaquel Pérez Rodríguez ; tutora, Selva Dolores Pérez Silva. |
| 260 |
_aCiudad de la Habana : _bEditorial Universitaria, _c2008. |
||
| 300 | _a[88] p. | ||
| 533 | _aRecurso electrónico. Santa Fe, Arg.: e-libro, 2015. Disponible vía World Wide Web. El acceso puede estar limitado para las bibliotecas afiliadas a e-libro. | ||
| 600 | 1 | 0 |
_aCaballero, José Agustín, _d1762-1835. |
| 650 | 4 | _aFilosofía. | |
| 650 | 4 | _aEducación. | |
| 650 | 0 |
_aPhilosophers _zCuba. |
|
| 650 | 0 |
_aPhilosophy _zCuba. |
|
| 655 | 4 | _aLibros electrónicos. | |
| 700 | 1 |
_aPérez Silva, Selva Dolores, _etut. |
|
| 710 | 2 | _ae-libro, Corp. | |
| 856 | 4 | 0 | _uhttps://elibro.net/ereader/usam/90036 |
| 999 |
_c148416 _d148416 |
||